000 01118cad a22001935a 4500
001 E147348
008 090501e20080425xxk 000 0 eng d
035 _a(Sirsi) u147348
041 0 _aeng
245 0 0 _aLejf Kragh Jensen v Jonathon Edward Maurice Tyler and Linda Dorothy Tyler
_bopinion
_h[electronic resource]
260 _c2008
520 _aLTS/TC/2007/35 25 April 2008. Concerned an application to vary the route of a servitude right of access created by express grant. The access ran across farm land and around some farm buildings before reaching the respondents' property. The burdened owner wished to sell the farm buildings and some ground to a housing developer and therefore wished to vary the access. "Held": application granted.
650 2 4 _aLEJF KRAGH JENSEN V JONATHON TYLER AND LINDA TYLER
650 2 4 _aTITLE CONDITIONS (SCOTLAND) ACT 2003
651 4 _aScotland
_y1999-
690 _aPlanning and development
_96259
856 4 0 _uhttps://www.lands-tribunal-scotland.org.uk/decisions/LTS.TC.2007.35.html
_zView the decision free of charge at www.lands-tribunal-scotland.org.uk...
942 _n0
999 _c81497
_d81497